000 00688nam a22001815i 4500
001 54133
003 ES-MaACL
005 20240518063026.0
007 t|
008 960715s1858 sp a ||||1| spa d
040 _aCAM
_bspa
_cCAM
100 0 _aFéval, Paul,
_d1816-1887
_950646
245 1 4 _aLos amores de Paris /
_cnovela escrita en francés por Pablo Feval; traducida por un literato de la corte.
260 _aMadrid :
_bLibrería Española ;
_aBarcelona :
_ben el Plus Ultra,
_c1858 (
_eBarcelona :
_fImprenta de Luis Tasso)
300 _a2 v. (336 p., [4] h. de grab.; 374 p., [4] h. de grab.) ;
_c20 cm.
852 _aES-MaACL
_jC-1357-8
999 _c54133
_d54133